00732nam a22001937a 4500999001900000005001700019010001500036020002700051035001400078037001300092082001400105100001500119245004900134260003800183270012200221300003900343942002800382952012800410 c188016d18801620220506171017.0 aENG-132546 a9789386123121c1350.00 aEN-116078 bDBAD/PUB a304.60954 aAmutha, D. aPrinciples of Population Studies/cD. Amutha aDelhibManglam Publicationsc2018 aK-129, Gali No. 3, 3-1/2, Pusta, Near Shiv Om Jewellers Gautam ViharbDelhie110053k011-22945677mmanglam.books2008@ avi, 364p.bBibliographyc22cm(hbk) 2ddccENh304.60954mAMU 001040708NFICaBL1bBL1d2022-05-06eDBAD/PUBg1350.00l0o304.60954 AMUpEN-116078r2022-05-06 00:00:00t1v1350.00yEN